000 03784nam a22002897a 4500
003 OSt
005 20240920090443.0
008 240918b2024 azuad||f |||| 001 0 eng d
020 _a9780816553396 (Pasta dura)
040 _aCHAP
_cCHAP
_erda
082 0 0 _222
_a577.240972
_bP64
100 1 _aPyne, Stephen J.
_993093
245 1 0 _aFive suns:
_ba fire history of Mexico /
_cpor Stephen J. Pyne
264 1 _aTucson:
_bUniversity of Arizona Press,
_c2024.
300 _a417 páginas:
_bIlustraciones, cuadros, gráficas
336 _2rdacontent
_atexto
_btxt
337 _2rdamedia
_asin medio
_bn
338 _2rdacarrier
_avolumen
_bnc
500 _aIncluye índice y bibliografía
520 3 _aA climate defined by wet and dry seasons, a mostly mountainous terrain, a biota prone to disturbances, a human geography characterized by a diversity of peoples all of whom rely on burning in one form or another: Mexico has ideal circumstances for fire, and those fires provide a unique perspective on its complex history. Narrating Mexico's evolution of fire through five eras, historian Stephen J. Pyne describes the pre-human, pre-Hispanic, colonial, industrializing (1880-1980), and contemporary (1980-2015) fire biography of this diverse and dynamic country. Creatively deploying the Aztec New Fire Ceremony and the "five suns" that it birthed, Pyne addresses the question, "Why does fire appear in Mexico the way it does?" Five Suns tells the saga through a pyric prism. Mexico has become one of the top ten "firepowers" in the world today through its fire suppression capabilities, fire research, and industrial combustion, but also by those continuing customary practices that have become increasingly significant to a world that suffers too much combustion and too little fire. Five Suns completes a North American fire-history trilogy written by Pyne over the past 40 years, complementing his histories of Canada and the United States.
520 3 _aUn clima definido por estaciones húmedas y secas, un terreno mayoritariamente montañoso, una biota propensa a perturbaciones, una geografía humana caracterizada por una diversidad de pueblos que dependen de la quema de una forma u otra: México tiene circunstancias ideales para el fuego, y esos incendios brindan una perspectiva única sobre su compleja historia. Al narrar la evolución del fuego en México a lo largo de cinco eras, el historiador Stephen J. Pyne describe la biografía del fuego prehumano, prehispánico, colonial, industrializador (1880-1980) y contemporáneo (1980-2015) de este país diverso y dinámico. Al desplegar creativamente la Ceremonia del Fuego Nuevo Azteca y los "cinco soles" que la dieron origen, Pyne aborda la pregunta: "¿Por qué el fuego aparece en México de la manera en que lo hace?". Cinco Soles cuenta la saga a través de un prisma pírico. México se ha convertido en una de las diez principales "potencias de fuego" del mundo actual gracias a su capacidad de extinción de incendios, su investigación sobre incendios y su combustión industrial, pero también por la continuidad de prácticas consuetudinarias que han adquirido cada vez mayor importancia en un mundo que sufre demasiada combustión y muy poco fuego. Five Suns completa una trilogía sobre la historia de los incendios en América del Norte escrita por Pyne durante los últimos 40 años, que complementa sus historias de Canadá y Estados Unidos.
650 4 _9189619
_aIncendios
_zMéxico
_xHistoria
650 4 _9189620
_aIncendios forestales
_zMéxico
_xHistoria
650 4 _9189621
_aEcología del fuego
_zMéxico
650 4 _957523
_aIncendios
_xControl
942 _2ddc
_cLIBRO
999 _c220172
_d220172